| 000 | 01694cam a22002295a 4500 | ||
|---|---|---|---|
| 001 | L137937 | ||
| 008 | 070509e20070403xxk f v 000 0 eng d | ||
| 035 | _a(Sirsi) u137937 | ||
| 041 | 0 | _aeng | |
| 245 | 0 | 4 |
_aThe Prudential Assurance Company Ltd v David Monroe Ayres and Christopher Grew _h[electronic resource] |
| 260 | _c2007 | ||
| 520 | _a[2007] EWHC 775 (Ch), 3 April 2007. The claimant intermediate landlord sought to recover rent from the defendants, as previous tenants of premises, in their capacity as guarantors of the partnership to which an underlease had been assigned and which had become insolvent. The landlord had granted an underlease to the defendants. By a separate supplemental deed between the landlord and the partnership it was agreed that the liability of the partnership under the lease was limited to the partnership assets. The partnership became insolvent leaving rent unpaid and the landlord claimed against the defendants. "Held": although the rent reserved by the underlease remained unchanged, that did not prevent the limitation of liability by the deed since it was open to a landlord to indicate to his tenant a willingness to accept less than the reserved rent. | ||
| 590 | _aKA | ||
| 650 | 2 | 4 | _aPRUDENTIAL ASSURANCE COMPANY LTD V AYRES AND ANOTHER |
| 650 | 2 | 4 | _aLANDLORD AND TENANT (COVENANTS) ACT 1995 |
| 650 | 2 | 4 | _aCONTRACTS (RIGHTS OF THIRD PARTIES) ACT 1999 |
| 650 | 2 | 4 | _aCENTRAL LONDON PROPERTY TRUST LTD V HIGH TREES HOUSE LTD |
| 651 | 4 |
_aEngland _y886- |
|
| 690 | _aPROPERTY-LANDLORD AND TENANT-LEASES | ||
| 856 | 4 | 0 |
_uhttps://www.bailii.org/ew/cases/EWHC/Ch/2007/775.html _zView the item free of charge at www.bailii.org... |
| 942 | _n0 | ||
| 999 |
_c106941 _d106941 |
||